[Event "Fagernes op"]
[Site "Fagernes"]
[Date "2020.10.06"]
[Round "1"]
[White "Nebell, Anne Grete"]
[Black "Rynning, Rune Kleiven"]
[Result "0-1"]
[WhiteElo "1291"]
[BlackElo "1678"]
[PlyCount "56"]
[EventDate "2020.10.04"]
[EventType "swiss"]
[EventRounds "9"]
[EventCountry "NOR"]
[SourceTitle "EXT 2024"]
[Source "ChessBase"]
[SourceDate "2023.10.10"]
[SourceVersion "1"]
[SourceVersionDate "2023.10.10"]
[SourceQuality "1"]

1. c4 c6 2. Nc3 d5 3. g3 Nf6 4. cxd5 cxd5 5. Bg2 Nc6 6. e3 e6 7. Nge2 Be7 8. a3 0-0 9. 0-0 Bd7 10. b4 Ne5 11. f4 Ng6 12. Bb2 a6 13. Rc1 Bd6 14. h3 e5 15. Nxd5 Nxd5 16. Bxd5 Bxh3 17. Bg2 Qd7 18. fxe5 Nxe5 19. Bxe5 Bxe5 20. Nf4 Bxg2 21. Kxg2 Bb2 22. Rc4 g5 23. Qc2 gxf4 24. Rh1 f3+ 25. Kf2 f5 26. Qxb2 Qd3 27. Rg4+ fxg4 28. Qa2+ Rf7 0-1